000 00881nam a22002897a 4500
003 CHAP
005 20220817042851.0
008 971013s1970 r 10010 d
010 _a58253
011 _a59225
035 _a63383
040 _cCHAP
082 _a519.7
_bP7 1970
111 0 0 _aPrinceton Symposium on Mathematical Programing (
_d1970
_c: The Hague)
_991649
245 _aProceedings
260 _aPrinceton, N.J. :
_bPrinceton University,
_c1970
300 _a620 p.
590 _aBATCH-UPD
_b10
_c20130110
_lUCH01
_h0752
590 _aBATCH-UPD
_b10
_c20130410
_lUCH01
_h0432
590 _aBATCH-UPD
_b10
_c20130914
_lUCH01
_h1803
590 _aCONVERSION
_b10
_c20130109
_lUCH01
_h1331
650 1 4 _aMatemáticas.
_972901
650 1 4 _aProgramación.
901 _aBK
942 _cLIBRO
949 _a519.7 P7 1970
_bBC
_cLIBRO
_d33724000382735
_eLIBRO
_h57053
_i63383
_si
999 _c58253
_d58253